书目信息 |
| 题名: |
经济数学基础
|
|
| 作者: | 王兆文 , 刘金来 主编 | |
| 分册: | 微积分 | |
| 出版信息: | 北京 清华大学出版社 2006.09 |
|
| 页数: | 185页 | |
| 开本: | 20cm | |
| 丛书名: | ||
| 单 册: | ||
| 中图分类: | O172 | |
| 科图分类: | ||
| 主题词: | 微积分--wei ji fen--高等学校--教材 | |
| 电子资源: | ||
| ISBN: | 7-302-13698-X | |
| 000 | 00910nam0 2200265 450 | |
| 001 | 012007756134 | |
| 005 | 20070622132459.17 | |
| 010 | @a7-302-13698-X@dCNY18.00 | |
| 100 | @a20070508d2006 km y0chiy0120 ea | |
| 101 | 0 | @achi |
| 102 | @aCN@b110000 | |
| 105 | @aa a 000yy | |
| 200 | 1 | @a经济数学基础@Ajing ji shu xue ji chu@i微积分@f王兆文, 刘金来主编@Fwang zhao wen,liu jin lai zhu bian |
| 210 | @a北京@c清华大学出版社@d2006.09 | |
| 215 | @a185页@c图@d20cm | |
| 320 | @a有书目。 | |
| 330 | @a本书根据教育部制定的《高职高专教育经济数学基础课程教学基本要求》编写的,内容包括:连限与连续、导数与微分、导数的应用等。 | |
| 333 | @a高等学校应用型特色规划教材 | |
| 517 | 1 | @a微积分@Awei ji fen |
| 606 | 0 | @a微积分@Awei ji fen@x高等学校@j教材 |
| 690 | @aO172@v4 | |
| 701 | 0 | @a王兆文@Awang zhao wen@4主编 |
| 701 | 0 | @a刘金来@Aliu jin lai@4主编 |
| 801 | 0 | @aCN@c20070622 |
| 905 | @a10447@dO172@eW457 | |
| 经济数学基础.微积分/王兆文, 刘金来主编.-北京:清华大学出版社,2006.09 |
| 185页:图;20cm |
| 使用对象:高等学校应用型特色规划教材 |
| ISBN 7-302-13698-X:CNY18.00 |
| 本书根据教育部制定的《高职高专教育经济数学基础课程教学基本要求》编写的,内容包括:连限与连续、导数与微分、导数的应用等。 |
| ● |
| 相关链接 |
|
|
|
正题名:经济数学基础
索取号:O172/W457
 
预约/预借
| 序号 | 登录号 | 条形码 | 馆藏地/架位号 | 状态 | 备注 |
| 1 | 242918 | 202429185 | 自科库401/401自科库 74排2列4层/ [索取号:O172/W457] | 在馆 | |
| 2 | 242919 | 202429194 | 自科库401/401自科库 74排2列4层/ [索取号:O172/W457] | 在馆 | |
| 3 | 242920 | 202429201 | 自科库401/401自科库 74排2列4层/ [索取号:O172/W457] | 在馆 |